[Event "HUN-chT 1920"]
[Site "Hungary"]
[Date "2019.12.15"]
[Round "4.1"]
[White "Horvath, Csaba"]
[Black "Berkes, Ferenc"]
[Result "1/2-1/2"]
[WhiteElo "2509"]
[BlackElo "2647"]
[PlyCount "54"]
[EventDate "2019.11.16"]
[EventType "team-tourn"]
[EventRounds "9"]
[EventCountry "HUN"]
[SourceTitle "CBM 193 Extra"]
[Source "ChessBase"]
[SourceDate "2020.01.31"]
[SourceVersion "1"]
[SourceVersionDate "2020.01.31"]
[SourceQuality "1"]
[WhiteTeam "Morihana"]
[BlackTeam "Paks"]
[WhiteTeamCountry "HUN"]
[BlackTeamCountry "HUN"]

1. d4 d5 2. c4 c6 3. Nf3 Nf6 4. Nc3 a6 5. c5 g6 6. g3 Bg7 7. Bg2 0-0 8. 0-0 Bf5 9. Bf4 Nbd7 10. Nh4 Be6 11. Qd2 a5 12. b3 b6 13. cxb6 Qxb6 14. Rac1 Qb4 15. Rfd1 Rfc8 16. Nf3 Bf5 17. Ne5 Nxe5 18. Bxe5 Nd7 19. Bxg7 Kxg7 20. Na4 Rab8 21. Rc3 h5 22. h3 Qd6 23. Rdc1 Nf6 24. Nc5 Nd7 25. Na4 Nf6 26. Nc5 Nd7 27. Na4 Nf6 1/2-1/2

[Event "HUN-ch 68th"]
[Site "Budapest"]
[Date "2019.12.12"]
[Round "2.1"]
[White "Horvath, Csaba"]
[Black "Acs, Peter"]
[Result "1/2-1/2"]
[WhiteElo "2513"]
[BlackElo "2580"]
[PlyCount "42"]
[EventDate "2019.12.10"]
[EventType "k.o."]
[EventRounds "4"]
[EventCountry "HUN"]
[SourceTitle "CBM 193 Extra"]
[Source "ChessBase"]
[SourceDate "2020.01.31"]
[SourceVersion "1"]
[SourceVersionDate "2020.01.31"]
[SourceQuality "1"]

1. Nf3 d5 2. e3 Nf6 3. c4 e6 4. d4 a6 5. b3 c5 6. Bb2 cxd4 7. exd4 b6 8. Nc3 Bb7 9. Bd3 Be7 10. 0-0 0-0 11. Qe2 Nbd7 12. Rad1 Re8 13. Ne5 Nf8 14. Qe3 Ng6 15. Bxg6 hxg6 16. c5 Rc8 17. Na4 bxc5 18. dxc5 Qc7 19. b4 Rcd8 20. Rfe1 Nd7 21. Nf3 Bc6 1/2-1/2

[Event "HUN-ch 68th"]
[Site "Budapest"]
[Date "2019.12.11"]
[Round "1.6"]
[White "Berkes, Ferenc"]
[Black "Horvath, Csaba"]
[Result "1/2-1/2"]
[WhiteElo "2656"]
[BlackElo "2513"]
[PlyCount "38"]
[EventDate "2019.12.10"]
[EventType "k.o."]
[EventRounds "4"]
[EventCountry "HUN"]
[SourceTitle "CBM 193 Extra"]
[Source "ChessBase"]
[SourceDate "2020.01.31"]
[SourceVersion "1"]
[SourceVersionDate "2020.01.31"]
[SourceQuality "1"]

1. d4 Nf6 2. Nf3 b6 3. c4 e6 4. a3 Bb7 5. Nc3 d6 6. Bf4 Nbd7 7. Qc2 Bxf3 8. exf3 g6 9. Be2 Bg7 10. 0-0 0-0 11. Rad1 Qe7 12. Be3 c5 13. f4 cxd4 14. Rxd4 Rac8 15. Qd1 Ne8 16. Rd2 Bxc3 17. bxc3 Nc5 18. a4 Nf6 19. Bf3 Rfd8 1/2-1/2

[Event "HUN-ch 68th"]
[Site "Budapest"]
[Date "2019.12.11"]
[Round "1.2"]
[White "Horvath, Csaba"]
[Black "Berkes, Ferenc"]
[Result "1/2-1/2"]
[WhiteElo "2513"]
[BlackElo "2656"]
[PlyCount "28"]
[EventDate "2019.12.10"]
[EventType "k.o."]
[EventRounds "4"]
[EventCountry "HUN"]
[SourceTitle "CBM 193 Extra"]
[Source "ChessBase"]
[SourceDate "2020.01.31"]
[SourceVersion "1"]
[SourceVersionDate "2020.01.31"]
[SourceQuality "1"]

1. d4 d5 2. c4 c6 3. Nc3 Nf6 4. e3 a6 5. b3 Bf5 6. Bd3 Bxd3 7. Qxd3 e6 8. Nf3 Nbd7 9. 0-0 Bb4 10. Bb2 0-0 11. Rfd1 Qe7 12. a3 Ba5 13. Nd2 Rad8 14. e4 dxe4 1/2-1/2

[Event "HUN-chT 1920"]
[Site "Hungary"]
[Date "2019.11.17"]
[Round "2.4"]
[White "Gonda, Laszlo"]
[Black "Horvath, Csaba"]
[Result "1/2-1/2"]
[WhiteElo "2532"]
[BlackElo "2509"]
[PlyCount "75"]
[EventDate "2019.11.16"]
[EventType "team-tourn"]
[EventRounds "9"]
[EventCountry "HUN"]
[SourceTitle "CBM 193 Extra"]
[Source "ChessBase"]
[SourceDate "2020.01.31"]
[SourceVersion "1"]
[SourceVersionDate "2020.01.31"]
[SourceQuality "1"]
[WhiteTeam "Dunaharaszti"]
[BlackTeam "Morihana"]
[WhiteTeamCountry "HUN"]
[BlackTeamCountry "HUN"]

1. d4 Nf6 2. Bf4 d5 3. e3 c5 4. c3 e6 5. Nd2 Bd6 6. Bg3 Qc7 7. dxc5 Qxc5 8. Ngf3 Nbd7 9. Bd3 Qc7 10. e4 Nc5 11. Bb5+ Bd7 12. Bxd7+ Ncxd7 13. Qe2 Bf4 14. Bxf4 Qxf4 15. g3 Qc7 16. 0-0 Nxe4 17. Nxe4 dxe4 18. Qxe4 0-0 19. Rad1 Rfc8 20. Rd2 Nf6 21. Qe2 Qa5 22. a3 b5 23. Rfd1 Qb6 24. Rd4 h6 25. Ne5 Qb7 26. R1d3 a6 27. h4 Qe7 28. Qd2 Nd5 29. Ng4 h5 30. Ne3 Nf6 31. Qe2 Ra7 32. Qd1 Raa8 33. Qe2 Rc7 34. Nc2 g6 35. Qe5 Rc5 36. Qe2 Rc7 37. Rf3 e5 38. Rd1 1/2-1/2

[Event "Arco op 41st"]
[Site "Arco"]
[Date "2019.10.08"]
[Round "5"]
[White "Heidel, Andre Nicolas"]
[Black "Horvath, Csaba"]
[Result "0-1"]
[WhiteElo "2140"]
[BlackElo "2503"]
[PlyCount "82"]
[EventDate "2019.10.04"]
[EventType "swiss"]
[EventRounds "9"]
[EventCountry "ITA"]
[SourceTitle "EXT 2020"]
[Source "ChessBase"]
[SourceDate "2019.10.17"]
[SourceVersion "1"]
[SourceVersionDate "2019.10.17"]
[SourceQuality "1"]

1. d4 Nf6 2. c4 e6 3. Nf3 c5 4. d5 d6 5. Nc3 exd5 6. cxd5 g6 7. e4 a6 8. a4 Bg4 9. Be2 Bxf3 10. gxf3 Nbd7 11. h4 Qe7 12. a5 Bg7 13. Ra3 0-0 14. Rb3 Rab8 15. Be3 h5 16. Bg5 Qd8 17. Qa1 Qc7 18. Kf1 Nh7 19. Bd2 c4 20. Rb4 Ne5 21. Qa4 Rfc8 22. Be3 Nf8 23. Bb6 Qe7 24. Qd1 Bh6 25. Ba7 Ra8 26. Be3 Bxe3 27. fxe3 Qc7 28. f4 Ned7 29. Qa4 Nc5 30. Qa2 Nb3 31. Ra4 Nd7 32. Kf2 Ndc5 33. Rxc4 Qe7 34. Rb4 Nd2 35. e5 dxe5 36. d6 Qxd6 37. Rd1 exf4 38. Rxf4 Ne6 39. Ne4 Nxe4+ 40. Rxe4 Qh2+ 41. Kf3 Rc2 0-1

[Event "Arco op 41st"]
[Site "Arco"]
[Date "2019.10.06"]
[Round "3"]
[White "Van den Bersselaar, Jeroen"]
[Black "Horvath, Csaba"]
[Result "0-1"]
[WhiteElo "2169"]
[BlackElo "2503"]
[PlyCount "52"]
[EventDate "2019.10.04"]
[EventType "swiss"]
[EventRounds "9"]
[EventCountry "ITA"]
[SourceTitle "EXT 2020"]
[Source "ChessBase"]
[SourceDate "2019.10.17"]
[SourceVersion "1"]
[SourceVersionDate "2019.10.17"]
[SourceQuality "1"]

1. Nf3 Nf6 2. c4 b6 3. g3 Bb7 4. Bg2 e6 5. 0-0 Be7 6. Nc3 0-0 7. b3 d5 8. cxd5 Nxd5 9. Bb2 c5 10. Nxd5 Bxd5 11. Qb1 Nd7 12. e4 Bb7 13. Rd1 Qc7 14. d4 Nf6 15. Ne5 Rfd8 16. Nc4 b5 17. Ne3 cxd4 18. Rxd4 Rxd4 19. Bxd4 Rd8 20. Bb2 Qc8 21. a4 Qa8 22. axb5 Nxe4 23. Ra4 Nd2 24. Qc2 Bxg2 25. Nxg2 Nf3+ 26. Kh1 Rd2 0-1